Banderas navideñas - Estadísticas

Estadísticas generales
  • Esta prueba ha sido intentada 13 veces
  • La puntuación promedio es 14 de 15
Estadísticas de respuestas
Imagen Respuesta % Correcto
Brasil
100%
Chile
100%
Chipre
100%
Corea del Sur
100%
España
100%
Georgia
100%
Japón
100%
Líbano
100%
Suecia
100%
Bangladés
92%
Bután
92%
Sri Lanka
92%
Esuatini
62%
Laos
62%
Myanmar
54%
No se encontraron pruebas coincidentes
Distribución de puntuación
Porcentaje de gente con cada puntuación
Porcentaje por número respondido
Historial de tus puntuaciones
No has intentado esta prueba.